000 00811nam a22001937a 4500
003 OSt
005 20250827175704.0
008 240313b ||||| |||| 00| 0 eng d
040 _c0
082 _aDPer 621.317 Ie21 July 2022 v. 37 n. 7
100 _aShen, Ruihua.
_eauthor.
_954421
245 _aOn the use of nonlinear inductor to enhance stability of DC distribution networks /
_cRuihua Shen and Henry Shu-Hung Chung.
260 _aNew York ;
_bThe Institute of Electrical and Electronics Engineers, Inc. ,
_cJuly 2022.
300 _avolume 37, pages 8582-8595 :
_billustration ;
_c28 cm.
500 _aIEEE Transactions on Power Electronics, vol. 37, no. 7, pages 8582-8595, July 2022.
700 _aShen, Ruihua.
_eauthor.
_954421
700 _aChung, Henry Shu-Hung.
_eauthor.
_954422
942 _2ddc
_cPER
999 _c19625
_d19625